000 00380pab a2200157 454500
008 180718b1989 xxu||||| |||| 00| 0 eng d
245 _aNational forest policy (Document)
260 _c1989
300 _ap.720-726.
362 _aJul-Sep
650 _aDocument
650 _aForest policy
773 _aIndian Journal of Public Administration
908 _aN
909 _a88943
999 _c88943
_d88943